Introduction to computational systems biology: System-level modelling of cellular networks (Record no. 395707)
[ view plain ]
| 000 -LEADER | |
|---|---|
| fixed length control field | 00650 a2200205 4500 |
| 005 - DATE & TIME | |
| control field | 20260121110134.0 |
| 008 - FIXED-LENGTH DATA ELEMENTS--GENERAL INFORMATION | |
| fixed length control field | 260119b |||||||| |||| 00| 0 eng d |
| 020 ## - ISBN | |
| International Standard Book Number | 9781032963815 |
| Price | Rs. 2995.00 |
| 040 ## - CATALOGING SOURCE | |
| Original cataloging agency | VIVEKANANDA LIBRARY |
| 082 ## - DDC NUMBER | |
| Classification number | 570.113 |
| Book Number | R141I |
| 100 ## - MAIN ENTRY--PERSONAL NAME | |
| Personal name | Raman, Karthik |
| 245 ## - TITLE STATEMENT | |
| Title | Introduction to computational systems biology: System-level modelling of cellular networks |
| 260 ## - PUBLICATION, DISTRIBUTION, ETC. (IMPRINT) | |
| Name of publisher, distributor, etc | CRC Press |
| Date of publication, distribution, etc | 2025 |
| Place of publication, distribution, etc | Boca Raton |
| 300 ## - PHYSICAL DESCRIPTION | |
| Pages | xvi, 336 |
| 440 ## - Series Statement | |
| Series Title | Chapman and Hall/CRC computational biology series |
| 650 ## - Subject | |
| Subject | Biological System |
| 650 ## - Subject | |
| Subject | Moleculer Biology- Data Processing |
| 650 ## - Subject | |
| Subject | Computational Biology |
| 942 ## - ADDED ENTRY ELEMENTS (KOHA) | |
| Koha item type | Books |
| Withdrawn status | Lost status | Source of classification or shelving scheme | Damaged status | Not for loan | Location (home branch) | Sublocation or collection (holding branch) | Shelving location | Date acquired | Koha issues (times borrowed) | Koha full call number | Accession No. | Koha date last seen | Koha item type |
|---|---|---|---|---|---|---|---|---|---|---|---|---|---|
| Dewey Decimal Classification | VIVEKANANDA LIBRARY | VIVEKANANDA LIBRARY | Vivekananda Library | 06/01/2026 | 570.113 R141I | 444173 | 06/01/2026 | Books |
